[Event "SM-2017-0-00379"]
[Site "LSS email"]
[Date "2017.08.03"]
[Round "?"]
[White "Susla, Vitaliy"]
[Black "Szabo, Mihaly"]
[Result "1/2-1/2"]
[WhiteElo "2381"]
[BlackElo "2384"]
[PlyCount "44"]
[EventDate "2017.06.04"]
[EventType "tourn (corr)"]
[EventRounds "6"]
[EventCountry "GER"]
[SourceTitle "Corr 2022"]
[Source "ChessBase"]
[SourceDate "2021.10.24"]
[SourceVersion "1"]
[SourceVersionDate "2021.10.24"]
[SourceQuality "1"]

1. d4 Nf6 2. c4 e6 3. Nf3 d5 4. Nc3 c6 5. Bg5 h6 6. Bxf6 Qxf6 7. e3 Nd7 8. Bd3 dxc4 9. Bxc4 g6 10. 0-0 Bg7 11. e4 e5 12. Rc1 exd4 13. e5 Nxe5 14. Nxe5 0-0 15. Nxf7 dxc3 16. Rxc3 Be6 17. Rf3 Qxf3 18. Nxh6+ Kh7 19. gxf3 Bxc4 20. Ng4 Rad8 21. Qa4 Bxf1 22. Kxf1 Rd7 1/2-1/2

[Event "SM-2017-0-00380"]
[Site "LSS email"]
[Date "2017.08.01"]
[Round "?"]
[White "Szabo, Mihaly"]
[Black "McLeod, Sylvester"]
[Result "1-0"]
[WhiteElo "2384"]
[BlackElo "2311"]
[PlyCount "207"]
[EventDate "2017.06.26"]
[EventType "tourn (corr)"]
[EventRounds "6"]
[EventCountry "GER"]
[SourceTitle "Corr 2022"]
[Source "ChessBase"]
[SourceDate "2021.10.24"]
[SourceVersion "1"]
[SourceVersionDate "2021.10.24"]
[SourceQuality "1"]

1. e4 c5 2. Nf3 d6 3. d4 cxd4 4. Nxd4 Nf6 5. Nc3 a6 6. Be3 e5 7. Nb3 Be6 8. Qd2 Nbd7 9. f3 h5 10. Nd5 Bxd5 11. exd5 g6 12. Be2 Bg7 13. Na5 Qc7 14. c4 e4 15. 0-0 exf3 16. gxf3 0-0 17. b4 Rfe8 18. Rad1 h4 19. Kh1 h3 20. a3 Rab8 21. Bg5 Re7 22. Bd3 Ree8 23. Bc2 Rbc8 24. Rc1 b6 25. Nc6 Ne5 26. Ba4 Qd7 27. b5 axb5 28. Bxb5 Nxc6 29. dxc6 Qf5 30. Qf4 Qe6 31. Rcd1 Nh7 32. Bh4 Be5 33. Qd2 Qf5 34. Qd3 Qh5 35. Bf2 Nf8 36. Bxb6 Qg5 37. Rf2 Bf4 38. Rg1 Qf6 39. Rd1 Re7 40. Bd4 Qh4 41. Rg1 Qh5 42. a4 Rce8 43. Bb6 Ne6 44. c7 Rc8 45. Qe4 Qh4 46. Re2 Qf6 47. a5 Rcxc7 48. Bxc7 Rxc7 49. a6 Kf8 50. Ra2 Ra7 51. Rf1 Kg7 52. Qe1 Be5 53. f4 Nxf4 54. Qe3 Qe7 55. Ra4 Ne6 56. Qxh3 Nd4 57. Ra2 Qd8 58. Qg2 Qb8 59. Rb2 Qc8 60. Rbf2 f6 61. Qe4 Nb3 62. Rg2 g5 63. Qe3 Nc5 64. Rf3 Rc7 65. Rh3 Qf5 66. Qf3 Qg6 67. Qa8 Qb1+ 68. Rg1 Qe4+ 69. Qxe4 Nxe4 70. Ra3 Ra7 71. h4 Kh6 72. hxg5+ fxg5 73. Rh3+ Kg6 74. Kg2 Nc5 75. Rgh1 Kf5 76. Rh7 Rxa6 77. Bxa6 Nxa6 78. Kf3 Nc5 79. Rf7+ Kg6 80. Rf8 Ne6 81. Rb8 Kf5 82. Rd1 g4+ 83. Ke3 Bf4+ 84. Kd3 g3 85. Rg8 Nc5+ 86. Ke2 Be5 87. Rf1+ Ke6 88. Re8+ Kd7 89. Rxe5 dxe5 90. Rg1 Ne4 91. Kd3 Nc5+ 92. Ke3 Nb3 93. Rxg3 Kd6 94. Kd3 Nc5+ 95. Kc2 Ne6 96. Kc3 Nd4 97. Re3 Nc6 98. Rd3+ Kc5 99. Rd5+ Kb6 100. Rb5+ Kc7 101. c5 Kd7 102. Kc4 Kc7 103. Rb6 e4 104. Kd5 1-0